LEADER 01145nam a2200277 i 4500 001 000000131672 003 CaOOAMICUS 005 20090410000000.0 008 090410s1988 it u000 u ita u 013 $a104567 020 $a88-384-1237-5 040 $aSeMil$bita 100 0 $aIoannes Paulus II,$c.$0(OLS)http://semarc/name/646 245 13$aIl credo in Gesù Cristo, rivelatore della Trinità. 300 $a75 p. 700 1 $aMaggiolini, Alessandro .$0(OLS)http://semarc/name/7299 773 0 $aIoannes Paulus II $tIo credo.$dCasale Monferrato (AL) : Piemme, 1986.$g6$w()15746 850 $aSeMil 852 $aSeMil$W1$xVenegono$y1$m2A I 5$j85619$B85619$CSeMilBibl$Z2$F116817 $81 900 1 $aWojtyla, Karol,$d<1920-2005>. 900 0 $aGiovanni Paolo II$c. 961 $aOmaggio: Biblioteca Seminario Seveso (dal 1998) 996 $6020$a88-384-1237-5$9(OLS)http://semarc/number/118613 996 $6245$aIl credo in Gesù Cristo, rivelatore della Trinità$9(OLS)http://semarc/title/193562 LEADER 01310nas a2200253 i 4500 001 000000134780 003 CaOOAMICUS 005 20050211000000.0 008 050211b2004 it uu u0 0ita r 013 $a107957 020 $a88-15-10031-8 040 $aSeMil$bita 245 10$aCommento alla lettera del Cardinale Ratzinger sulla "Collaborazione dell'uomo e della donna" ; "Deus fons veritatis" :$bil soggetto e la sua libertà : intervista a Imre Toth ; Nodi : San Tommaso ; "La passione di Cristo" di Mel Gibson. 260 $aBologna :$bIl Mulino,$ccopyr. 2004. 300 $aP. [259]-734 ;$c24 cm. 500 $aTitoli dalla copertina. 773 0 $tIride.$dBologna : Il Mulino $w()3227 774 0 $t[vedi periodico].$w()259875 850 $aSeMil 852 $aSeMil$W1$xVenegono$y1$m158 6 31$j88490$B88490$CSeMilBibl$Z2$F92825 $85 961 $aAbbonamento: Il Mulino 996 $6020$a88-15-10031-8$9(OLS)http://semarc/number/122071 996 $6245$aCommento alla lettera del Cardinale Ratzinger sulla "Collaborazione dell'uomo e della donna" ; "Deus fons veritatis" :$bil soggetto e la sua libertà : intervista a Imre Toth ; Nodi : San Tommaso ; "La passione di Cristo" di Mel Gibson$9(OLS)http://semarc/title/197221 996 $6260$aBologna :$bIl Mulino$9(OLS)http://semarc/publisher/29842